000 00513nam a2200181Ia 4500
005 20250326124427.0
008 250326s9999 xx 000 0 und d
037 _aTextbook
040 _aFMSL
_beng
_cFMSL
041 _aeng
_2eng
084 _aX:87y7 L8;1
_qFMSL
100 _aGanguli S
_947767
245 0 _aAbout men and managers: cases and essays
_cGanguli S
260 _aCalcutta
_bCalcutta, Kwality Book
_c1978
300 _a201p
942 _cTB
_hX:87y7 L8;1
999 _c1273660
_d1273660